Women who run with the wolves (Record no. 92887)

MARC details
000 -LEADER
fixed length control field 00505nam a2200193Ia 4500
005 - DATE AND TIME OF LATEST TRANSACTION
control field 20230317115336.0
008 - FIXED-LENGTH DATA ELEMENTS--GENERAL INFORMATION
fixed length control field 230125s9999 xx 000 0 und d
041 ## - LANGUAGE CODE
Language code of text/sound track or separate title eng
082 ## - DEWEY DECIMAL CLASSIFICATION NUMBER
Classification number 658
Item number EST
100 ## - MAIN ENTRY--PERSONAL NAME
Author Estes Clarissa Pnkola
245 ## - TITLE STATEMENT
Title Women who run with the wolves
260 ## - PUBLICATION, DISTRIBUTION, ETC.
Date of publication, distribution, etc. 2000
Name of publisher, distributor, etc. Riders Publication London
300 ## - PHYSICAL DESCRIPTION
Extent 540p
500 ## - GENERAL NOTE
Keywords General Management
650 ## - SUBJECT ADDED ENTRY--TOPICAL TERM
Topical term or geographic name entry element General Management
700 ## - ADDED ENTRY--PERSONAL NAME
Personal name Estes Clarissa Pnkola
942 ## - ADDED ENTRY ELEMENTS (KOHA)
Koha item type Books
Holdings
Withdrawn status Lost status Damaged status Not for loan Home library Current library Date acquired Vendor Net Price Full call number Barcode Date last seen Actual Price Bill Date Koha item type Original Barcode
Withdrawn       Smt. Hiraben Nanavati Institute of Management & Research for Women Smt. Hiraben Nanavati Institute of Management & Research for Women 21/12/2000 Satya Gilani 344.00 658 EST DB0387 HIMR-DB-387 25/01/2023 344.00 27/12/2000 Donated Book DB0387